| 000 | 00542nam a2200193Ia 4500 | ||
|---|---|---|---|
| 003 | OSt | ||
| 005 | 20240603123849.0 | ||
| 008 | 210210b1992 xxu||||| |||| 00| 0 eng d | ||
| 040 | _cAL | ||
| 041 | _aKannada | ||
| 082 | _aK894.3 USHN | ||
| 100 |
_aUSHA NAVARATNARAM. _9131672 _dಉಷಾ ನವರತ್ನರಾಂ |
||
| 245 |
_aNi mudida mallige. _bನೀ ಮುಡಿದಾ ಮಲ್ಲಿಗೆ |
||
| 260 |
_aBengaluru _bV Padmanabhan _c1992 |
||
| 300 | _a87 | ||
| 690 |
_aKannada Fiction _9131673 |
||
| 906 | _a045960 | ||
| 942 |
_2ddc _cBK |
||
| 999 |
_c95307 _d95307 |
||